Linear inequalities and related systems /
Guardado en:
| Otros Autores: | , |
|---|---|
| Formato: | Libro |
| Idioma: | English |
| Publicado: |
Princeton, N.J. :
Princeton University Press,
1956.
|
| Series: | Annals of mathematics studies ;
No. 38 |
| Etiquetas: |
Agregar Etiqueta
Sin Etiquetas, Sea el primero en etiquetar este registro!
|
| LEADER | 00604nam a22001575a 4500 | ||
|---|---|---|---|
| 001 | MAT.inmabb000793 | ||
| 008 | 031119s1956####nju###########001#0#eng#d | ||
| 005 | 20170804120945.0 | ||
| 245 | 0 | 0 | |a Linear inequalities and related systems / |c edited by H. W. Kuhn and A. W. Tucker. |
| 260 | |a Princeton, N.J. : |b Princeton University Press, |c 1956. | ||
| 300 | |a xxi, 322 p. | ||
| 440 | 0 | |a Annals of mathematics studies ; |v No. 38 | |
| 700 | 1 | |a Kuhn, Harold W. |q (Harold William), |d 1925- |4 edt | |
| 700 | 1 | |a Tucker, Albert W. |q (Albert William), |d 1905- |4 edt | |
| 084 | |a 90-XX |a 52-XX |2 msc2000 | ||
| 859 | |h 90 |i L754 |p A-601 |b BIB. MATEMATICA | ||
